Every Premier League Player to Play for England - Statistics

General Stats
  • This quiz has been taken 4,456 times
    3,256 since last reset
  • The average score is 134 of 307
Answer Stats
The Three Lions % Correct
Harry Kane
92%
David Beckham
88%
Andy Cole
86%
Ashley Cole
86%
Carlton Cole
86%
Joe Cole
86%
Steven Gerrard
86%
Des Walker
85%
Frank Lampard
85%
Jordan Pickford
85%
Kyle Walker
85%
Wayne Rooney
85%
Ian Walker
84%
Paul Scholes
83%
David James
82%
Les Ferdinand
82%
Reece James
82%
Steve Stone
82%
Dean Henderson
81%
Jordan Henderson
81%
Phil Foden
81%
Phil Neville
81%
Rio Ferdinand
81%
Gary Neville
80%
Alan Shearer
79%
John Terry
79%
Michael Owen
79%
Bukayo Saka
78%
Harry Maguire
78%
Luke Shaw
78%
Marcus Rashford
78%
Phil Jones
78%
Rob Jones
78%
Trent Alexander-Arnold
78%
Raheem Sterling
77%
Declan Rice
76%
Joe Hart
75%
Alan Smith
74%
Ian Wright
74%
Jamie Vardy
74%
Mark Wright
73%
Richard Wright
73%
Carlton Palmer
71%
Cole Palmer
71%
Jack Grealish
71%
John Stones
71%
Adam Johnson
70%
Andrew Johnson
70%
David Seaman
70%
Glen Johnson
70%
Seth Johnson
70%
Tony Adams
70%
Kalvin Phillips
69%
Kieran Trippier
69%
Frazier Campbell
68%
Kevin Phillips
68%
Peter Crouch
68%
Sol Campbell
68%
James Milner
67%
Jamie Carragher
67%
Nick Pope
66%
Ollie Watkins
66%
Ben White
64%
David White
64%
Dele Alli
64%
Robert Green
64%
Teddy Sheringham
64%
Jermain Defoe
63%
Aaron Ramsdale
62%
Ashley Young
62%
Harvey Barnes
62%
John Barnes
62%
Luke Young
62%
Michael Carrick
62%
Daniel Sturridge
61%
Theo Walcott
61%
Callum Wilson
60%
Micah Richards
60%
Nicky Butt
60%
Danny Welbeck
59%
Eric Dier
59%
Mason Mount
59%
Robbie Fowler
59%
Gary Cahill
58%
Ben Chilwell
57%
Emile Heskey
57%
Gareth Barry
57%
Jadon Sancho
57%
Wes Brown
57%
Jesse Lingard
56%
Marc Guéhi
55%
Chris Smalling
54%
Fraser Forster
54%
Leighton Baines
54%
Alex Oxlade-Chamberlain
53%
Darren Bent
53%
Jack Wilshere
53%
James Maddison
53%
Jarred Bowen
53%
Joe Gomez
53%
Ledley King
53%
Michael Keane
53%
Paul Parker
53%
Scott Parker
53%
Steve McManaman
53%
Paul Ince
52%
Paul Robinson
52%
Adam Lallana
51%
Ben Foster
50%
Gareth Southgate
50%
Ivan Toney
50%
Paul Gascoigne
50%
Danny Rose
49%
Eberechi Eze
49%
Tammy Abraham
49%
Danny Drinkwater
48%
Kevin Davies
48%
Owen Hargreaves
48%
Tyrone Mings
48%
Kerry Dixon
47%
Lee Dixon
47%
Andy Carroll
46%
Martin Keown
46%
Phil Jagielka
46%
Rico Lewis
46%
Ross Barkley
46%
Joleon Lescott
45%
Conor Gallagher
44%
Dominic Calvert-Lewin
44%
Wayne Bridge
44%
Danny Ings
43%
James Ward-Prowse
43%
Lewis Dunk
43%
Rickie Lambert
43%
Shaun Wright-Phillips
43%
Stewart Downing
43%
Viv Anderson
43%
Aaron Lennon
42%
Darren Anderton
42%
Kieran Gibbs
42%
Matt Le Tissier
42%
Nathaniel Clyne
42%
Fikayo Tomori
41%
Jack Butland
41%
Scott Carson
41%
Bryan Robson
40%
Chris Sutton
40%
Gary Pallister
40%
Jamie Redknapp
40%
Joey Barton
40%
Ruben Loftus-Cheek
40%
Stuart Pearce
40%
Warren Barton
40%
Wilfried Zaha
40%
Conor Coady
39%
Danny Murphy
39%
Mason Greenwood
39%
Paul Merson
39%
Ray Parlour
39%
Rob Lee
39%
Harry Winks
38%
Kieron Dyer
38%
Michael Dawson
38%
Sam Johnstone
38%
Tom Cleverley
38%
Graeme Le Saux
37%
James Tarkowski
37%
Matthew Upson
37%
Nigel Winterburn
37%
David Platt
36%
Dominic Solanke
36%
Fabian Delph
36%
Gabriel Agbonlahor
36%
Andros Townsend
35%
Clive Allen
35%
David Batty
35%
Emile Smith Rowe
35%
Jermaine Jenas
35%
Jonathan Woodgate
35%
Peter Beardsley
35%
Trevor Sinclair
35%
Calum Chambers
34%
Darius Vassell
34%
Dion Dublin
34%
Stan Collymore
34%
Tim Sherwood
34%
Alan Thompson
33%
Callum Hudson-Odoi
33%
David Bentley
33%
Dennis Wise
33%
Kevin Richardson
33%
Kieran Richardson
33%
Lee Bowyer
33%
Nigel Martyn
33%
Ryan Bertrand
33%
Tim Flowers
33%
Chris Woods
32%
Danny Mills
32%
Dave Watson
32%
Geoff Thomas
32%
Glenn Hoddle
32%
Michael Thomas
32%
Patrick Bamford
32%
Andy Gray
31%
Chris Waddle
31%
Michael Ball
31%
Michael Gray
31%
Nicky Barmby
31%
Tom Heaton
31%
Lee Sharpe
30%
Ryan Shawcross
30%
Steve Bould
30%
James Beattie
29%
Kyle Walker-Peters
29%
Levi Colwill
29%
Martin Kelly
29%
Aaron Cresswell
28%
Alvin Martin
28%
Bobby Zamora
28%
Francis Jeffers
28%
Leon Osman
28%
Lewis Cook
28%
David Dunn
27%
Gary Stevens
27%
Nigel Clough
27%
Peter Reid
27%
Ray Wilkins
27%
Tom Huddlestone
27%
Chris Kirkland
26%
Jonjo Shelvey
26%
Nathaniel Chalobah
26%
David Nugent
25%
Dean Ashton
25%
Jon Flanagan
25%
Brian Deane
24%
Colin Cooper
24%
Danny Wallace
24%
Paul Konchesky
24%
Stephen Warnock
24%
Tyrick Mitchell
24%
Ainsley Maitland-Niles
23%
Carl Jenkinson
23%
Eddie Nketiah
23%
Jack Cork
23%
Jake Livermore
23%
Jay Rodriguez
23%
Neil Ruddock
23%
Paul Stewart
23%
Ryan Mason
23%
Jack Rodwell
22%
Jason Wilcox
22%
Michael Ricketts
22%
Steve McMahon
22%
Trevor Francis
22%
Ugo Ehiogu
22%
Chris Powell
21%
David Bardsley
21%
David Unsworth
21%
Mark Walters
21%
Neil Webb
21%
Stephen Caulker
21%
Alex McCarthy
20%
Andy Sinton
20%
David Rocastle
20%
Nathan Redmond
20%
Gary Charles
19%
Gary Mabbutt
19%
John Scales
19%
Steve Howey
19%
Tony Cottee
19%
Tony Dorigo
19%
Anthony Gardner
18%
Dave Beasant
18%
James Justin
18%
Paul Walsh
18%
Steve Hodge
18%
Barry Venison
17%
David Hirst
17%
Lee Hendrie
17%
Mark Hateley
17%
Zat Knight
17%
Earl Barrett
16%
Jay Bothroyd
16%
John Fashanu
16%
John Ruddy
16%
Kenny Sansom
16%
Matt Jarvis
16%
Mike Phelan
16%
Stuart Ripley
16%
Andy Hinchcliffe
15%
Ben Godfrey
14%
Graham Rix
14%
Nicky Shorey
14%
Steve Guppy
14%
Terry Fenwick
14%
Tony Daley
14%
Gavin McCann
13%
Gordon Cowans
12%
Keith Curle
12%
Paul Bracewell
12%
Cyrille Regis
11%
John Salako
11%
Mel Sterland
11%
Mick Harford
11%
Nigel Spink
11%
Paul Goddard
8%
No matching quizzes found
Score Distribution
Percent of People with Each Score
Percentile by Number Answered
Your Score History
You have not taken this quiz since the last reset